Joan Fontcuberta (Record no. 761)

MARC details
000 -LEADER
campo de control de longitud fija 00633nam a22001937a 4500
008 - DATOS DE LONGITUD FIJA--INFORMACIÓN GENERAL
campo de control de longitud fija 151019b xxu||||| |||| 00| 0 eng d
020 ## - NÚMERO INTERNACIONAL ESTÁNDAR DEL LIBRO
Número Internacional Estándar del Libro 8495471140
082 ## - NÚMERO DE LA CLASIFICACIÓN DECIMAL DEWEY
Número de clasificación 708
Número de ítem P586p
100 ## - ENTRADA PRINCIPAL--NOMBRE DE PERSONA
Nombre de persona Fontcuberta, Joan
9 (RLIN) 3832
245 ## - MENCIÓN DEL TÍTULO
Título Joan Fontcuberta
Mención de responsabilidad, etc. Joan Fontcuberta, Chantal Grande
246 ## - FORMA VARIANTE DEL TITULO
Título propio/Titulo breve Ensayos sobre la huella
260 ## - PUBLICACIÓN, DISTRIBUCIÓN, ETC.
Lugar de publicación, distribución, etc. Madrid
Nombre del editor, distribuidor, etc. La Fábrica
Fecha de publicación, distribución, etc. 2001
300 ## - DESCRIPCIÓN FÍSICA
Extensión [sin numeración]
Otras características físicas ill. (col.)
Dimensiones 18 cm.
440 ## - MENCIÓN DE SERIE/PUNTO DE ACCESO ADICIONAL--TÍTULO
Título Biblioteca de Fotógrafos Españoles
Designación de volumen o secuencia 29
9 (RLIN) 3833
650 ## - PUNTO DE ACCESO ADICIONAL DE MATERIA--TÉRMINO DE MATERIA
Término de materia o nombre geográfico como elemento de entrada Fotografía
9 (RLIN) 910
650 ## - PUNTO DE ACCESO ADICIONAL DE MATERIA--TÉRMINO DE MATERIA
Término de materia o nombre geográfico como elemento de entrada Fotografía Artística
9 (RLIN) 3261
650 ## - PUNTO DE ACCESO ADICIONAL DE MATERIA--TÉRMINO DE MATERIA
Término de materia o nombre geográfico como elemento de entrada Fotógrafos
Subdivisión geográfica España
9 (RLIN) 3834
700 ## - ENTRADA AGREGADA--NOMBRE PERSONAL
Nombre de persona Fontcuberta, Joan, 1955-
9 (RLIN) 3835
Holdings
Estatus retirado Estado de pérdida Fuente del sistema de clasificación o colocación Estado de daño No para préstamo Biblioteca de origen Biblioteca actual Ubicación en estantería Fecha de adquisición Total de préstamos Signatura topográfica completa Código de barras Visto por última vez Precio de reemplazo Tipo de ítem Koha
    Clasificación Decimal Dewey     Biblioteca LadoV Biblioteca LadoV   19/10/2015   708 P586p 000749 19/10/2015 19/10/2015 Material 01